| 000 | 00624nas a2200181 a 4500 | ||
|---|---|---|---|
| 999 |
_c11537 _d11537 |
||
| 005 | 20191207131705.0 | ||
| 008 | 191207b xxu||||| |||| 00| 0 eng d | ||
| 040 | _cBd-JhCC | ||
| 082 |
_a051 _bMAS |
||
| 245 |
_aমাসিক কমপিউটার জগৎ / _cসম্পাদনায় গোলাপ মুনীর |
||
| 260 |
_aঢাকা : _bকমপিউটার জগৎ, |
||
| 300 | _aVol 29, Issue 07 | ||
| 310 | _aMonthly | ||
| 650 |
_aComputer _vPeriodicals |
||
| 700 | _aমুনীর, গোলাপ | ||
| 856 | _uhttp://www.comjagat.com/home/articles/archive | ||
| 942 |
_2ddc _cCR _s1 |
||